000
00334nam a2200133Ia 4500
008
240624s9999 xx 000 0 und d
041
_a
eng
082
_a
292.13 SEA
100
_a
SEARS KATHLEEN
245
_a
MYTHOLOGY 101 FROM GODS AND GODDESSES TO
260
_c
2014
_a
USA
_b
Adams Media
300
_a
288 P.; 17 cm
365
_c
_b
33
999
_c
32349
_d
32349